000 01283cam a2200157 4500500
005 20260111013225.0
041 _afre
042 _adc
100 1 0 _aLuc, Jean-Noël
_eauthor
700 1 0 _aCondette, Jean-François
_eauthor
700 1 0 _aVerneuil, Yves
_eauthor
245 0 0 _aHistoire de l'enseignement en France : XIXe-XXIe siècle
260 _bArmand Colin,
_c2020.
520 _aAlors que la question de l'enseignement reste plus que jamais discutée, ce volume offre un panorama exceptionnel sur l’histoire de l’enseignement de la maternelle à l’université, de l’époque napoléonienne jusqu’à nos jours.Il présente les structures, les pratiques, les réformes, les innovations et les contestations qui ont marqué plus de deux siècles d'activité enseignante.L'ouvrage interroge les méthodes préconisées et leurs applications en replaçant le fait éducatif dans ses dimensions politiques, économiques, sociales, culturelles nationales, voire internationales.Exhaustif et sans parti pris, il sera utile à tous ceux, acteurs ou témoins, qui interrogent les nouveaux défis de l'enseignement en France. 
856 4 1 _uhttps://shs.cairn.info/histoire-de-l-enseignement-en-france-xixe-xxie-sie--9782200613334?lang=fr&redirect-ssocas=7080
999 _c1612289
_d1612289